Agresivita ako manažérska zručnosť

Negatívne emócie a agresivita v organizáciách a manažmente. Dobrá a zlá agresivita, jej prejavy a ovládanie. Kompetencia a využívanie agresivity. Schopnosti potrebné u manažérov na uskutočnenie svojich plánov.

Salvato in:
Dettagli Bibliografici
Autore principale: Kazičková, Martina
Natura: Capitolo di libro
Lingua:slovacco
Soggetti:
Tags: Aggiungi Tag
Nessun Tag, puoi essere il primo ad aggiungerne!!

MARC

LEADER 00000naa a2200000 4500
001 0223165
005 20230912114900.0
041 0 |a slo 
044 |a SK 
245 1 0 |a Agresivita ako manažérska zručnosť  |c Martina Kazičková 
520 |a Negatívne emócie a agresivita v organizáciách a manažmente. Dobrá a zlá agresivita, jej prejavy a ovládanie. Kompetencia a využívanie agresivity. Schopnosti potrebné u manažérov na uskutočnenie svojich plánov. 
610 2 0 |a manažéri 
610 2 0 |a kompetencie manažérske 
610 2 0 |a komunikácia manažérska 
610 2 0 |a štýl vedenia 
610 2 0 |a metódy riadenia 
610 2 0 |a agresia 
610 2 0 |a prejavy 
100 1 |a Kazičková, Martina